00946 a2200181 45000010006000000050017000060080041000230030015000640400040000790800061001192450094001802500012002742640033002863000019003195050396003380410008007341000022007424187520260407155709.0260407a1978 arg spa dAR-UNSa-BCEJYS aAR-UNSa-BCEJYSbspacAR-UNSa-BCEJYS a16xLógica. Epistemología. Teoría del conocimiento10aLógica e introducción a la problemática filosóficapquinto año del bachillerato a3a. ed. 1aBuenos Aires :bLosadac1978 a302 p.c22 cm. a1. El pensamiento y la lógica - 2. Los principios lógicos - 3. El concepto - 4. El juicio - 5. La definición - 6. El razonamiento - 7. El silogismo - 8. Nociones de lógica moderna - 9. Conocimiento vulgar y conocimiento científico - 10. El método - 11. La matemática - 12. Las ciencias naturales - 13. Las ciencias del espíritu y la filosofía - 14. Metafísica - 15. Etica aspa1 aRomero, Francisco